[Event "DVM U20 2021"]
[Site "Kiel GER"]
[Date "2022.07.24"]
[Round "4"]
[White "Arnhold, Steffi"]
[Black "Weller, Uli"]
[Result "1-0"]
[Termination "normal"]
[Board "6.2"]
[WhiteElo "2107"]
[BlackElo "2195"]
[WhiteClock "00:05:20"]
[BlackClock "00:06:39"]
[WhiteTeam "SC Bavaria Regensburg von 1881 e.V."]
[BlackTeam "Schachfreunde Augsburg"]
[PlyCount "145"]
[WhiteFideId "12931365"]
[BlackFideId "12971782"]
[EventCountry "GER"]
[EventRounds "7"]
[EventType "team-swiss"]
[EventDate "2022.07.22"]

1. e4 {[%clk 01:30:57]} c5 {[%clk 01:30:55]} {[%emt 00:00:04]} 2. Nf3 {[%clk
01:31:16]} {[%emt 00:00:13]} Nc6 {[%clk 01:31:15]} {[%emt 00:00:08]} 3. d4
{[%clk 01:31:37]} {[%emt 00:00:10]} cxd4 {[%clk 01:31:39]} {[%emt 00:00:05]} 4.
Nxd4 {[%clk 01:31:57]} {[%emt 00:00:11]} Nf6 {[%clk 01:31:59]} {[%emt
00:00:12]} 5. Nc3 {[%clk 01:32:10]} {[%emt 00:00:17]} e6 {[%clk 01:32:12]}
{[%emt 00:00:14]} 6. Nxc6 {[%clk 01:32:03]} {[%emt 00:00:37]} bxc6 {[%clk
01:32:33]} {[%emt 00:00:08]} 7. e5 {[%clk 01:32:02]} {[%emt 00:00:32]} Nd5
{[%clk 01:32:54]} {[%emt 00:00:08]} 8. Ne4 {[%clk 01:31:55]} {[%emt 00:00:38]}
Qc7 {[%clk 01:33:05]} {[%emt 00:00:18]} 9. f4 {[%clk 01:32:06]} {[%emt
00:00:20]} Qb6 {[%clk 01:31:26]} {[%emt 00:02:10]} 10. c4 {[%clk 01:31:10]}
{[%emt 00:01:26]} Ne3 {[%clk 01:30:23]} {[%emt 00:01:31]} 11. Qd3 {[%clk
01:26:42]} {[%emt 00:04:59]} Bb4+ {[%clk 01:30:01]} {[%emt 00:00:51]} 12. Bd2
{[%clk 01:23:42]} {[%emt 00:03:31]} O-O {[%clk 01:29:18]} {[%emt 00:01:12]} 13.
c5 {[%clk 01:10:41]} {[%emt 00:13:31]} Bxd2+ {[%clk 01:28:56]} {[%emt
00:00:52]} 14. Qxd2 {[%clk 01:08:02]} {[%emt 00:03:10]} Qb4 {[%clk 01:25:48]}
{[%emt 00:03:38]} 15. Qxb4 {[%clk 01:02:57]} {[%emt 00:05:35]} Nc2+ {[%clk
01:25:41]} {[%emt 00:00:36]} 16. Kd2 {[%clk 01:02:36]} {[%emt 00:00:53]} Nxb4
{[%clk 01:26:03]} {[%emt 00:00:07]} 17. g3 {[%clk 00:58:31]} {[%emt 00:04:36]}
a5 {[%clk 01:21:26]} {[%emt 00:05:06]} 18. b3 {[%clk 00:50:34]} {[%emt
00:08:28]} f6 {[%clk 01:04:38]} {[%emt 00:17:17]} 19. exf6 {[%clk 00:47:11]}
{[%emt 00:03:53]} gxf6 {[%clk 01:03:27]} {[%emt 00:01:40]} 20. Bc4 {[%clk
00:45:31]} {[%emt 00:02:11]} Ba6 {[%clk 00:45:33]} {[%emt 00:18:23]} 21. Rhe1
{[%clk 00:33:11]} {[%emt 00:12:51]} Bxc4 {[%clk 00:34:49]} {[%emt 00:11:14]}
22. bxc4 {[%clk 00:33:24]} {[%emt 00:00:16]} Na6 {[%clk 00:35:05]} {[%emt
00:00:15]} 23. g4 {[%clk 00:28:13]} {[%emt 00:05:41]} f5 {[%clk 00:33:34]}
{[%emt 00:02:00]} 24. gxf5 {[%clk 00:26:46]} {[%emt 00:01:58]} Rxf5 {[%clk
00:31:13]} {[%emt 00:02:50]} 25. Rg1+ {[%clk 00:25:19]} {[%emt 00:01:58]} Kh8
{[%clk 00:30:49]} {[%emt 00:00:54]} 26. Ke3 {[%clk 00:24:10]} {[%emt 00:01:40]}
Raf8 {[%clk 00:27:29]} {[%emt 00:03:49]} 27. Rg4 {[%clk 00:22:55]} {[%emt
00:01:45]} Nxc5 {[%clk 00:26:47]} {[%emt 00:01:11]} 28. Nd6 {[%clk 00:22:43]}
{[%emt 00:00:43]} R5f6 {[%clk 00:22:41]} {[%emt 00:04:36]} 29. Rg5 {[%clk
00:21:09]} {[%emt 00:02:05]} e5 {[%clk 00:17:51]} {[%emt 00:05:19]} 30. Rxe5
{[%clk 00:20:15]} {[%emt 00:01:24]} Na6 {[%clk 00:07:06]} {[%emt 00:11:15]} 31.
Rd1 {[%clk 00:13:18]} {[%emt 00:07:27]} Rxf4 {[%clk 00:05:33]} {[%emt
00:02:03]} 32. Rxa5 {[%clk 00:11:37]} {[%emt 00:02:11]} Nb4 {[%clk 00:05:12]}
{[%emt 00:00:51]} 33. Rd2 {[%clk 00:09:18]} {[%emt 00:02:48]} Rf3+ {[%clk
00:04:48]} {[%emt 00:00:55]} 34. Ke4 {[%clk 00:09:26]} {[%emt 00:00:22]} R8f4+
{[%clk 00:02:34]} {[%emt 00:02:44]} 35. Ke5 {[%clk 00:09:23]} {[%emt 00:00:34]}
Rg4 {[%clk 00:02:05]} {[%emt 00:00:58]} 36. Nf5 {[%clk 00:08:15]} {[%emt
00:01:38]} Nd3+ {[%clk 00:00:35]} {[%emt 00:02:00]} 37. Kd6 {[%clk 00:06:49]}
{[%emt 00:01:56]} Rg8 {[%clk 00:00:32]} {[%emt 00:00:33]} 38. Kxd7 {[%clk
00:05:59]} {[%emt 00:01:20]} c5 {[%clk 00:00:47]} {[%emt 00:00:14]} 39. Kd6
{[%clk 00:01:59]} {[%emt 00:04:31]} Nf2 {[%clk 00:00:37]} {[%emt 00:00:41]} 40.
Rd5 {[%clk 00:01:22]} {[%emt 00:01:06]} Rd8+ {[%clk 00:00:32]} {[%emt
00:00:35]} 41. Ke7 {[%clk 00:00:48]} {[%emt 00:01:04]} Rg8 {[%clk 00:27:06]}
{[%emt 00:03:56]} 42. Raxc5 {[%clk 00:29:42]} {[%emt 00:01:36]} Nd3 {[%clk
00:26:04]} {[%emt 00:01:32]} 43. Ra5 {[%clk 00:27:34]} {[%emt 00:02:38]} Nf4
{[%clk 00:24:49]} {[%emt 00:01:44]} 44. Rd7 {[%clk 00:24:10]} {[%emt 00:03:55]}
Ng6+ {[%clk 00:24:21]} {[%emt 00:00:58]} 45. Kf6 {[%clk 00:23:07]} {[%emt
00:01:33]} Nh4 {[%clk 00:23:33]} {[%emt 00:01:18]} 46. Rf7 {[%clk 00:21:36]}
{[%emt 00:02:01]} Rc8 {[%clk 00:22:59]} {[%emt 00:01:03]} 47. Kg5 {[%emt
00:08:57]} Nxf5 {[%clk 00:22:50]} {[%emt 00:00:04]} 48. Raxf5 {[%clk 00:13:39]}
{[%emt 00:00:36]} Rxf5+ {[%clk 00:22:36]} {[%emt 00:00:44]} 49. Kxf5 {[%clk
00:14:00]} {[%emt 00:00:09]} Rxc4 {[%clk 00:22:34]} {[%emt 00:00:31]} 50. Ra7
{[%clk 00:13:26]} {[%emt 00:01:04]} Rc5+ {[%clk 00:17:30]} {[%emt 00:05:34]}
51. Kf6 {[%clk 00:13:41]} {[%emt 00:00:15]} Rc6+ {[%clk 00:17:49]} {[%emt
00:00:11]} 52. Kf7 {[%clk 00:13:40]} {[%emt 00:00:32]} h6 {[%clk 00:16:49]}
{[%emt 00:01:29]} 53. a4 {[%clk 00:13:33]} {[%emt 00:00:37]} Kh7 {[%clk
00:17:04]} {[%emt 00:00:16]} 54. a5 {[%clk 00:13:16]} {[%emt 00:00:47]} h5
{[%clk 00:13:54]} {[%emt 00:03:39]} 55. a6 {[%clk 00:11:27]} {[%emt 00:02:19]}
Kh6 {[%clk 00:13:09]} {[%emt 00:01:15]} 56. Ra8 {[%clk 00:11:12]} {[%emt
00:00:46]} Kg5 {[%emt 00:01:38]} 57. a7 {[%clk 00:09:33]} {[%emt 00:02:05]} Kh4
{[%clk 00:12:09]} {[%emt 00:00:26]} 58. Re8 {[%clk 00:09:11]} {[%emt 00:00:51]}
Rc7+ {[%clk 00:12:06]} {[%emt 00:00:33]} 59. Re7 {[%clk 00:09:35]} {[%emt
00:00:06]} Rc8 {[%clk 00:12:31]} {[%emt 00:00:05]} 60. Re4+ {[%clk 00:05:01]}
{[%emt 00:05:04]} Kh3 {[%clk 00:12:38]} {[%emt 00:00:24]} 61. Ra4 {[%clk
00:04:38]} {[%emt 00:00:53]} Ra8 {[%clk 00:11:10]} {[%emt 00:01:57]} 62. Ra2
{[%clk 00:04:20]} {[%emt 00:00:49]} h4 {[%clk 00:10:46]} {[%emt 00:00:54]} 63.
Kf6 {[%clk 00:04:33]} {[%emt 00:00:16]} Rf8+ {[%clk 00:11:00]} {[%emt
00:00:16]} 64. Ke5 {[%clk 00:04:33]} {[%emt 00:00:30]} Re8+ {[%clk 00:09:12]}
{[%emt 00:02:18]} 65. Kf4 {[%clk 00:04:32]} {[%emt 00:00:31]} Rf8+ {[%clk
00:08:06]} {[%emt 00:01:37]} 66. Ke3 {[%clk 00:04:34]} {[%emt 00:00:27]} Ra8
{[%clk 00:06:43]} {[%emt 00:01:54]} 67. Kf3 {[%clk 00:04:05]} {[%emt 00:00:59]}
Rf8+ {[%clk 00:07:02]} {[%emt 00:00:11]} 68. Ke2 {[%clk 00:04:08]} {[%emt
00:00:28]} Re8+ {[%clk 00:06:07]} {[%emt 00:01:24]} 69. Kf1 {[%clk 00:04:25]}
{[%emt 00:00:12]} Rf8+ {[%clk 00:06:32]} {[%emt 00:00:06]} 70. Kg1 {[%clk
00:04:45]} {[%emt 00:00:10]} Rg8+ {[%clk 00:06:56]} {[%emt 00:00:05]} 71. Kh1
{[%clk 00:04:59]} {[%emt 00:00:16]} Ra8 {[%clk 00:07:18]} {[%emt 00:00:09]} 72.
Ra4 {[%clk 00:05:12]} {[%emt 00:00:17]} Rb8 {[%clk 00:06:39]} {[%emt 00:01:09]}
73. Rxh4+ {[%clk 00:05:20]} {[%emt 00:00:22]} 1-0

[Event "DVM U20 2021"]
[Site "Kiel GER"]
[Date "2022.07.24"]
[Round "4"]
[White "McPherson, Elisha"]
[Black "Steinhauer, Artur"]
[Result "0-1"]
[Termination "normal"]
[Board "6.3"]
[WhiteElo "2006"]
[BlackElo "1901"]
[WhiteClock "00:00:41"]
[BlackClock "00:53:26"]
[WhiteTeam "Schachfreunde Augsburg"]
[BlackTeam "SC Bavaria Regensburg von 1881 e.V."]
[PlyCount "112"]
[WhiteFideId "16255852"]
[BlackFideId "16263596"]
[EventCountry "GER"]
[EventRounds "7"]
[EventType "team-swiss"]
[EventDate "2022.07.22"]

1. d4 {[%clk 01:31:00]} {[%emt 00:07:27]} d5 {[%clk 01:30:53]} {[%emt
00:00:08]} 2. c4 {[%clk 01:31:22]} {[%emt 00:00:07]} c6 {[%clk 01:31:19]}
{[%emt 00:00:05]} 3. Nf3 {[%clk 01:31:45]} {[%emt 00:00:08]} Nf6 {[%clk
01:31:43]} {[%emt 00:00:04]} 4. g3 {[%clk 01:31:52]} {[%emt 00:00:24]} Bf5
{[%clk 01:30:30]} {[%emt 00:01:42]} 5. Bg2 {[%clk 01:31:25]} {[%emt 00:00:57]}
e6 {[%clk 01:30:41]} {[%emt 00:00:19]} 6. O-O {[%clk 01:31:33]} {[%emt
00:00:24]} h6 {[%clk 01:30:47]} {[%emt 00:00:23]} 7. Nbd2 {[%clk 01:31:04]}
{[%emt 00:00:59]} Be7 {[%clk 01:30:37]} {[%emt 00:00:39]} 8. b3 {[%clk
01:29:08]} {[%emt 00:02:27]} Nbd7 {[%clk 01:30:33]} {[%emt 00:00:35]} 9. Bb2
{[%clk 01:29:19]} {[%emt 00:00:18]} O-O {[%clk 01:30:13]} {[%emt 00:00:50]} 10.
Ne5 {[%clk 01:26:54]} {[%emt 00:02:55]} Nxe5 {[%clk 01:28:51]} {[%emt
00:01:53]} 11. dxe5 {[%clk 01:27:15]} {[%emt 00:00:08]} Nd7 {[%clk 01:29:18]}
{[%emt 00:00:03]} 12. e4 {[%clk 01:26:07]} {[%emt 00:01:38]} dxe4 {[%clk
01:29:42]} {[%emt 00:00:06]} 13. Nxe4 {[%clk 01:26:23]} {[%emt 00:00:14]} Nc5
{[%clk 01:29:54]} {[%emt 00:00:18]} 14. Qxd8 {[%clk 01:20:49]} {[%emt
00:06:04]} Rfxd8 {[%clk 01:29:40]} {[%emt 00:00:44]} 15. Ba3 {[%clk 01:19:58]}
{[%emt 00:01:22]} Bxe4 {[%clk 01:26:45]} {[%emt 00:03:24]} 16. Bxe4 {[%clk
00:33:25]} {[%emt 00:47:03]} Nxe4 {[%clk 01:24:32]} {[%emt 00:02:43]} 17. Bxe7
{[%clk 00:32:57]} {[%emt 00:00:58]} Rd7 {[%clk 01:24:38]} {[%emt 00:00:23]} 18.
Bb4 {[%clk 00:32:27]} {[%emt 00:01:00]} Rad8 {[%clk 01:21:49]} {[%emt
00:03:20]} 19. Rfe1 {[%clk 00:29:20]} {[%emt 00:03:37]} Ng5 {[%clk 01:14:21]}
{[%emt 00:07:58]} 20. Kg2 {[%clk 00:29:06]} {[%emt 00:00:44]} b6 {[%clk
01:14:33]} {[%emt 00:00:18]} 21. h4 {[%clk 00:23:43]} {[%emt 00:05:53]} Nh7
{[%clk 01:14:53]} {[%emt 00:00:09]} 22. Bd6 {[%clk 00:23:06]} {[%emt 00:01:07]}
h5 {[%clk 01:10:46]} {[%emt 00:04:37]} 23. Rad1 {[%clk 00:12:46]} {[%emt
00:10:51]} Nf8 {[%clk 01:10:50]} {[%emt 00:00:26]} 24. b4 {[%clk 00:11:28]}
{[%emt 00:01:48]} Ng6 {[%clk 01:10:18]} {[%emt 00:01:02]} 25. Rb1 {[%clk
00:10:07]} {[%emt 00:01:50]} Ne7 {[%clk 01:09:48]} {[%emt 00:01:00]} 26. Kf3
{[%clk 00:08:01]} {[%emt 00:02:37]} Nf5 {[%clk 01:08:39]} {[%emt 00:01:38]} 27.
c5 {[%clk 00:06:30]} {[%emt 00:02:01]} b5 {[%clk 00:57:04]} {[%emt 00:12:05]}
28. Ke4 {[%clk 00:04:40]} {[%emt 00:02:20]} Ne7 {[%clk 00:52:43]} {[%emt
00:04:52]} 29. Bxe7 {[%clk 00:04:50]} {[%emt 00:00:19]} Rxe7 {[%clk 00:52:36]}
{[%emt 00:00:37]} 30. Red1 {[%clk 00:05:11]} {[%emt 00:00:10]} Rd5 {[%clk
00:53:02]} {[%emt 00:00:04]} 31. Rxd5 {[%clk 00:05:07]} {[%emt 00:00:33]} exd5+
{[%clk 00:53:17]} {[%emt 00:00:15]} 32. Kd4 {[%clk 00:03:26]} {[%emt 00:02:11]}
f6 {[%clk 00:52:02]} {[%emt 00:01:45]} 33. f4 {[%clk 00:01:23]} {[%emt
00:02:33]} fxe5+ {[%clk 00:51:42]} {[%emt 00:00:50]} 34. fxe5 {[%clk 00:01:52]}
Kf7 {[%clk 00:51:40]} {[%emt 00:00:32]} 35. Rf1+ {[%clk 00:01:56]} {[%emt
00:00:26]} Ke8 {[%clk 00:50:23]} {[%emt 00:01:48]} 36. Rf5 {[%clk 00:02:10]}
{[%emt 00:00:15]} Re6 {[%clk 00:48:39]} {[%emt 00:02:14]} 37. Rxh5 {[%clk
00:02:34]} {[%emt 00:00:07]} Rg6 {[%clk 00:49:06]} {[%emt 00:00:03]} 38. Rh8+
{[%clk 00:02:38]} {[%emt 00:00:25]} Ke7 {[%clk 00:46:52]} {[%emt 00:02:44]} 39.
Rb8 {[%clk 00:02:44]} {[%emt 00:00:24]} Rg4+ {[%clk 00:47:14]} {[%emt
00:00:08]} 40. Ke3 {[%clk 00:02:33]} {[%emt 00:00:42]} Rxg3+ {[%clk 00:47:40]}
{[%emt 00:00:04]} 41. Kf4 {[%clk 00:02:25]} {[%emt 00:00:37]} Rh3 {[%clk
00:38:05]} {[%emt 00:10:05]} 42. Kg4 {[%clk 00:12:26]} {[%emt 00:20:28]} Rh1
{[%clk 01:03:45]} {[%emt 00:04:51]} 43. Rb7+ {[%clk 00:08:37]} {[%emt
00:04:20]} Ke6 {[%clk 01:04:07]} {[%emt 00:00:07]} 44. Rc7 {[%clk 00:08:15]}
{[%emt 00:00:50]} Kxe5 {[%clk 01:02:19]} {[%emt 00:02:20]} 45. Rxc6 {[%clk
00:08:33]} {[%emt 00:00:12]} d4 {[%clk 00:57:17]} {[%emt 00:05:31]} 46. Rc7
{[%clk 00:06:04]} {[%emt 00:03:00]} d3 {[%clk 00:52:45]} {[%emt 00:05:02]} 47.
Rd7 {[%clk 00:05:20]} {[%emt 00:01:14]} Ke4 {[%clk 00:52:58]} {[%emt 00:00:18]}
48. Re7+ {[%clk 00:01:04]} {[%emt 00:04:45]} Kd4 {[%clk 00:53:19]} {[%emt
00:00:09]} 49. Rd7+ {[%clk 00:01:29]} {[%emt 00:00:06]} Ke3 {[%clk 00:53:43]}
{[%emt 00:00:06]} 50. Re7+ {[%clk 00:01:53]} {[%emt 00:00:05]} Kd2 {[%clk
00:54:04]} {[%emt 00:00:08]} 51. c6 {[%clk 00:02:08]} {[%emt 00:00:16]} Rc1
{[%clk 00:53:49]} {[%emt 00:00:45]} 52. c7 {[%clk 00:01:36]} {[%emt 00:01:02]}
Kd1 {[%clk 00:52:56]} {[%emt 00:01:23]} 53. Kf3 {[%clk 00:01:17]} {[%emt
00:00:49]} d2 {[%clk 00:52:59]} {[%emt 00:00:27]} 54. Rxg7 {[%clk 00:00:59]}
{[%emt 00:00:48]} Rc3+ {[%clk 00:53:09]} {[%emt 00:00:20]} 55. Ke4 {[%clk
00:00:41]} {[%emt 00:00:48]} Kc1 {[%clk 00:53:08]} {[%emt 00:00:31]} 56. Kd4
{[%clk 00:00:41]} {[%emt 00:00:30]} Rc4+ {[%clk 00:53:26]} {[%emt 00:00:11]}
0-1

[Event "DVM U20 2021"]
[Site "Kiel GER"]
[Date "2022.07.24"]
[Round "4"]
[White "Aumüller, Naum"]
[Black "Wachtel, Arthur"]
[Result "1-0"]
[Termination "normal"]
[Board "6.4"]
[WhiteElo "1841"]
[BlackElo "1946"]
[WhiteClock "00:25:03"]
[BlackClock "01:15:40"]
[WhiteTeam "SC Bavaria Regensburg von 1881 e.V."]
[BlackTeam "Schachfreunde Augsburg"]
[PlyCount "101"]
[WhiteFideId "16263960"]
[BlackFideId "12988510"]
[EventCountry "GER"]
[EventRounds "7"]
[EventType "team-swiss"]
[EventDate "2022.07.22"]

1. e4 {[%clk 01:30:57]} {[%emt 00:00:03]} e6 {[%clk 01:30:57]} {[%emt
00:00:03]} 2. d4 {[%clk 01:31:24]} {[%emt 00:00:05]} d5 {[%clk 01:31:23]}
{[%emt 00:00:02]} 3. e5 {[%clk 01:31:39]} {[%emt 00:00:15]} c5 {[%clk
01:31:46]} {[%emt 00:00:07]} 4. c3 {[%clk 01:32:05]} {[%emt 00:00:03]} Nc6
{[%clk 01:32:08]} {[%emt 00:00:08]} 5. Nf3 {[%clk 01:32:31]} {[%emt 00:00:04]}
Nh6 {[%clk 01:32:27]} {[%emt 00:00:11]} 6. Bxh6 {[%clk 01:31:01]} {[%emt
00:02:00]} gxh6 {[%clk 01:32:27]} {[%emt 00:00:31]} 7. Bb5 {[%clk 01:29:28]}
{[%emt 00:02:03]} Qb6 {[%clk 01:31:34]} {[%emt 00:01:22]} 8. Qe2 {[%clk
01:28:30]} {[%emt 00:01:29]} Bg7 {[%clk 01:30:59]} {[%emt 00:01:04]} 9. O-O
{[%clk 01:26:26]} {[%emt 00:02:34]} O-O {[%clk 01:31:19]} {[%emt 00:00:10]} 10.
Bxc6 {[%clk 01:25:38]} {[%emt 00:01:17]} bxc6 {[%clk 01:31:26]} {[%emt
00:00:24]} 11. Qc2 {[%clk 01:15:54]} {[%emt 00:10:14]} cxd4 {[%clk 01:29:30]}
{[%emt 00:02:25]} 12. cxd4 {[%clk 01:15:51]} {[%emt 00:00:34]} Ba6 {[%clk
01:29:21]} {[%emt 00:00:34]} 13. Rc1 {[%clk 01:13:47]} {[%emt 00:02:39]} Rac8
{[%clk 01:28:48]} {[%emt 00:01:02]} 14. Nc3 {[%clk 01:12:42]} {[%emt 00:01:36]}
Bb5 {[%clk 01:25:45]} {[%emt 00:03:31]} 15. Nxb5 {[%clk 01:09:52]} {[%emt
00:03:22]} Qxb5 {[%clk 01:25:53]} {[%emt 00:00:20]} 16. b3 {[%clk 01:06:59]}
{[%emt 00:03:24]} f6 {[%clk 01:22:50]} {[%emt 00:03:34]} 17. exf6 {[%clk
01:02:45]} {[%emt 00:04:44]} Bxf6 {[%clk 01:22:38]} {[%emt 00:00:42]} 18. Qc5
{[%clk 00:58:51]} {[%emt 00:04:24]} Qb6 {[%clk 01:18:54]} {[%emt 00:04:13]} 19.
Rc2 {[%clk 00:53:26]} {[%emt 00:05:56]} Rc7 {[%clk 01:15:19]} {[%emt 00:04:04]}
20. Re1 {[%clk 00:49:38]} {[%emt 00:04:19]} Kf7 {[%clk 01:11:19]} {[%emt
00:04:29]} 21. Qd6 {[%clk 00:44:16]} {[%emt 00:05:53]} Re8 {[%clk 01:06:23]}
{[%emt 00:05:25]} 22. Rc3 {[%clk 00:31:03]} {[%emt 00:13:44]} c5 {[%clk
00:58:17]} {[%emt 00:08:36]} 23. Ne5+ {[%clk 00:27:10]} {[%emt 00:04:22]} Kg7
{[%emt 00:01:19]} 24. Rg3+ {[%clk 00:23:13]} {[%emt 00:04:19]} Kh8 {[%clk
00:56:57]} {[%emt 00:01:10]} 25. dxc5 {[%clk 00:17:31]} {[%emt 00:06:13]} Qxd6
{[%clk 00:49:37]} {[%emt 00:07:49]} 26. cxd6 {[%clk 00:17:54]} {[%emt
00:00:06]} Bxe5 {[%clk 00:50:05]} {[%emt 00:00:02]} 27. dxc7 {[%clk 00:18:14]}
{[%emt 00:00:11]} Bxg3 {[%clk 00:50:28]} {[%emt 00:00:07]} 28. hxg3 {[%clk
00:18:34]} {[%emt 00:00:10]} Rc8 {[%clk 00:50:49]} {[%emt 00:00:09]} 29. Rxe6
{[%clk 00:18:49]} {[%emt 00:00:15]} Rxc7 {[%clk 00:51:15]} {[%emt 00:00:03]}
30. Rxh6 {[%clk 00:15:59]} {[%emt 00:03:20]} Rc1+ {[%clk 00:50:51]} {[%emt
00:00:54]} 31. Kh2 {[%clk 00:16:27]} {[%emt 00:00:03]} Rc2 {[%clk 00:51:06]}
{[%emt 00:00:14]} 32. Ra6 {[%clk 00:15:46]} {[%emt 00:01:11]} Rxf2 {[%clk
00:51:17]} {[%emt 00:00:20]} 33. Rxa7 {[%clk 00:15:54]} {[%emt 00:00:23]} Rb2
{[%clk 00:51:29]} {[%emt 00:00:18]} 34. g4 {[%clk 00:12:39]} {[%emt 00:03:44]}
d4 {[%clk 00:51:27]} {[%emt 00:00:32]} 35. Kg3 {[%clk 00:11:04]} {[%emt
00:02:05]} d3 {[%clk 00:50:38]} {[%emt 00:01:18]} 36. Kf3 {[%clk 00:07:03]}
{[%emt 00:04:32]} Kg8 {[%clk 00:50:02]} {[%emt 00:01:06]} 37. g3 {[%clk
00:06:10]} {[%emt 00:01:23]} Kf8 {[%clk 00:49:18]} {[%emt 00:01:13]} 38. g5
{[%clk 00:05:40]} {[%emt 00:01:00]} Kg8 {[%clk 00:49:18]} {[%emt 00:00:30]} 39.
g4 {[%clk 00:05:39]} {[%emt 00:00:32]} Kf8 {[%clk 00:49:20]} {[%emt 00:00:28]}
40. Rxh7 {[%clk 00:02:01]} {[%emt 00:04:08]} Rxa2 {[%clk 00:49:36]} {[%emt
00:00:14]} 41. Rb7 {[%clk 00:00:52]} {[%emt 00:01:39]} Rb2 {[%clk 00:49:08]}
{[%emt 00:00:58]} 42. g6 {[%clk 00:00:34]} {[%emt 00:00:48]} Kg8 {[%clk
00:48:57]} {[%emt 00:00:40]} 43. b4 {[%clk 00:27:32]} {[%emt 00:03:32]} Kf8
{[%clk 01:16:38]} {[%emt 00:02:50]} 44. b5 {[%clk 00:27:14]} {[%emt 00:00:47]}
Rb4 {[%clk 01:16:12]} {[%emt 00:00:57]} 45. g7+ {[%clk 00:26:37]} {[%emt
00:01:07]} Kg8 {[%clk 01:16:23]} {[%emt 00:00:19]} 46. Ke3 {[%clk 00:26:16]}
{[%emt 00:00:50]} Rb3 {[%clk 01:16:27]} {[%emt 00:00:26]} 47. b6 {[%clk
00:26:06]} {[%emt 00:00:40]} Kh7 {[%clk 01:16:05]} {[%emt 00:00:52]} 48. g5
{[%clk 00:25:21]} {[%emt 00:01:16]} Rb5 {[%clk 01:15:07]} {[%emt 00:01:26]} 49.
Kxd3 {[%clk 00:24:58]} {[%emt 00:00:54]} Rxg5 {[%clk 01:15:29]} {[%emt
00:00:09]} 50. Rc7 {[%clk 00:24:48]} {[%emt 00:00:39]} Rb5 {[%clk 01:15:40]}
{[%emt 00:00:19]} 51. b7 {[%clk 00:25:03]} {[%emt 00:00:16]} 1-0